000 00499nam a2200193Ia 4500
001 1784
003 GE_BSU
008 181216s||||||||xx |||||||||||||| ||und||
040 _cGE_BSU
080 _a327(479.22)
245 _aМеждународна политика.Брой 4.
260 _aБлагоевград
260 _bНеофит Рилски
260 _c2010
300 _a182стр. 23см.
541 _h7л.
653 _aМежднародна политика
942 _cBK
999 _c35891
_d35891